<?xml version="1.0" encoding="UTF-8"?>
<record
    xmlns:xsi="http://www.w3.org/2001/XMLSchema-instance"
    xsi:schemaLocation="http://www.loc.gov/MARC21/slim http://www.loc.gov/standards/marcxml/schema/MARC21slim.xsd"
    xmlns="http://www.loc.gov/MARC21/slim">

  <leader>00653nam a22001577a 4500</leader>
  <controlfield tag="005">20120417131438.0</controlfield>
  <datafield tag="020" ind1=" " ind2=" ">
    <subfield code="a">8170271347</subfield>
    <subfield code="c">00.00</subfield>
  </datafield>
  <datafield tag="035" ind1=" " ind2=" ">
    <subfield code="a">A-409691</subfield>
  </datafield>
  <datafield tag="037" ind1=" " ind2=" ">
    <subfield code="a">DPL</subfield>
    <subfield code="b">ENG</subfield>
  </datafield>
  <datafield tag="100" ind1=" " ind2=" ">
    <subfield code="a">Rathaur, Manjula</subfield>
    <subfield code="9">45227</subfield>
  </datafield>
  <datafield tag="245" ind1=" " ind2=" ">
    <subfield code="a">Unmarried working women, marriage and career :</subfield>
    <subfield code="b">A study of university and college teachers of Varanasi /</subfield>
    <subfield code="c">by Manjula Rathaur</subfield>
  </datafield>
  <datafield tag="260" ind1=" " ind2=" ">
    <subfield code="a">New Delhi</subfield>
    <subfield code="b">Radiant Publishers</subfield>
    <subfield code="c">1990</subfield>
  </datafield>
  <datafield tag="300" ind1=" " ind2=" ">
    <subfield code="a">ix, 118p.</subfield>
    <subfield code="c">18 cms.</subfield>
  </datafield>
  <datafield tag="942" ind1=" " ind2=" ">
    <subfield code="2">ddc</subfield>
    <subfield code="c">EN</subfield>
    <subfield code="h">305.4</subfield>
    <subfield code="m">RAT</subfield>
  </datafield>
  <datafield tag="999" ind1=" " ind2=" ">
    <subfield code="c">65125</subfield>
    <subfield code="d">65125</subfield>
  </datafield>
  <datafield tag="952" ind1=" " ind2=" ">
    <subfield code="0">0</subfield>
    <subfield code="1">0</subfield>
    <subfield code="4">0</subfield>
    <subfield code="7">0</subfield>
    <subfield code="8">NFIC</subfield>
    <subfield code="a">ZLS</subfield>
    <subfield code="b">ZLS</subfield>
    <subfield code="d">2012-04-17</subfield>
    <subfield code="g">0.00</subfield>
    <subfield code="l">0</subfield>
    <subfield code="o">305.4 RAT</subfield>
    <subfield code="p">A-409691</subfield>
    <subfield code="r">2012-04-17 00:00:00</subfield>
    <subfield code="v">0.00</subfield>
    <subfield code="w">2012-04-17</subfield>
    <subfield code="y">EN</subfield>
  </datafield>
</record>
